Online Catalogue and eLibrary

Gender, religion, and "heathen lands" : (Record no. 182)

MARC details
000 -LEADER
fixed length control field 00775cam a2200241 a 4500
001 - CONTROL NUMBER
control field 199266
005 - DATE AND TIME OF LATEST TRANSACTION
control field 20240119002325.0
008 - FIXED-LENGTH DATA ELEMENTS--GENERAL INFORMATION
fixed length control field 990406s2000 nyub b 001 0 eng
020 ## - INTERNATIONAL STANDARD BOOK NUMBER
ISBN 0815328249 (alk. paper)
040 ## - CATALOGING SOURCE (பட்டியலாக்க மூலம்)
Original cataloging agency DLC
Transcribing agency DLC
Modifying agency DLC
082 00 - DDC Classification
Class No. 266/.02373054/082
DDC Edition Number 21
Item Number - Author Mark MAI
100 1# - MAIN ENTRY--PERSONAL NAME
Personal name Singh, Maina Chawla.
245 10 - TITLE STATEMENT
Title Gender, religion, and "heathen lands" :
Remainder of title American missionary women in South Asia, 1860s-1940s /
Statement of responsibility, etc. by Maina Chawla Singh.
250 ## - EDITION STATEMENT
Edition statement 1st
260 ## - PUBLICATION, DISTRIBUTION, ETC.
Place of publication, distribution, etc. New York :
Name of publisher, distributor, etc. Garland Pub.,
Date of publication, distribution, etc. 2000.
300 ## - PHYSICAL DESCRIPTION
Extent (e.g. Volumes, Pages etc.) xiv, 393 p. :
650 #0 - SUBJECT ADDED ENTRY--TOPICAL TERM
Topical term or geographic name entry element Women missionaries
650 #0 - SUBJECT ADDED ENTRY--TOPICAL TERM
Topical term or geographic name entry element Women missionaries
650 #0 - SUBJECT ADDED ENTRY--TOPICAL TERM
Topical term or geographic name entry element Missions, American
650 #0 - SUBJECT ADDED ENTRY--TOPICAL TERM
Topical term or geographic name entry element Protestant churches
856 42 - ELECTRONIC LOCATION AND ACCESS
Uniform Resource Identifier <a href="http://www.loc.gov/catdir/enhancements/fy0652/99028674-d.html">http://www.loc.gov/catdir/enhancements/fy0652/99028674-d.html</a>
942 ## - Koha item type (Biblio)
Koha item type Books in Stacks (Lending)
Holdings
Lost status Damaged status Collection code Home library Current library Date acquired Full call number Accession Number Item type
    Lending WERC Library WERC Library 01/19/2024 266/.02373054/082 MAI 4560 Books in Stacks (Lending)

© WERC Library